[Event "Perm op"]
[Site "Perm"]
[Date "2014.??.??"]
[Round "3"]
[White "Nikologorskiy, Konstantin"]
[Black "Driamin, Dmitrij"]
[Result "1-0"]
[WhiteElo "2394"]
[BlackElo "2381"]
[PlyCount "45"]
[EventDate "2014.05.06"]
[EventType "swiss"]
[EventRounds "9"]
[EventCountry "RUS"]
[SourceTitle "CBM 160 Extra"]
[Source "ChessBase"]
[SourceDate "2014.07.01"]
[SourceVersion "1"]
[SourceVersionDate "2014.07.01"]
[SourceQuality "1"]

1. c4 c6 2. d4 d5 3. Nc3 Nf6 4. e3 a6 5. Qc2 b5 6. cxb5 cxb5 7. Bd2 e6 8. Nf3 Bd6 9. Bd3 Bb7 10. e4 dxe4 11. Nxe4 Be7 12. 0-0 Nbd7 13. Bf4 Rc8 14. Qe2 Nxe4 15. Bxe4 Bxe4 16. Qxe4 0-0 17. Qb7 Ra8 18. Rfc1 Nf6 19. Rc6 Nd5 20. Bg3 Qa5 21. a3 Qa4 22. Rac1 Bf6 23. Qxa8 1-0

[Event "RUS-ch sf"]
[Site "Tula"]
[Date "2003.??.??"]
[Round "4"]
[White "Driamin, Dmitrij"]
[Black "Tkachenko, Evgeny D"]
[Result "1-0"]
[WhiteElo "2413"]
[BlackElo "2132"]
[PlyCount "95"]
[EventDate "2003.03.??"]
[EventType "swiss"]
[EventRounds "9"]
[EventCountry "RUS"]
[SourceTitle "EXT 2004"]
[Source "ChessBase"]
[SourceDate "2003.11.25"]
[SourceVersion "1"]
[SourceVersionDate "2003.11.25"]
[SourceQuality "1"]

1. e4 g6 2. Nc3 Bg7 3. g3 e5 4. Bg2 Nc6 5. d3 d6 6. f4 Nge7 7. Nh3 0-0 8. 0-0 Be6 9. Ng5 Bd7 10. f5 f6 11. Ne6 Bxe6 12. fxe6 Nd4 13. Bh3 f5 14. Bg5 Nxe6 15. Bxe7 Qxe7 16. exf5 Ng5 17. Bg2 gxf5 18. Nd5 Qd8 19. Qh5 c6 20. Bh1 Kh8 21. h4 Ne6 22. Ne3 f4 23. Be4 Bh6 24. Qxh6 Qe7 25. Nf5 Rf6 26. Nxe7 Rxh6 27. Nf5 Rf6 28. Nxd6 Nd4 29. Nc4 Ne2+ 30. Kg2 Rg8 31. g4 Ng3 32. Nxe5 Nxf1 33. Rxf1 Re8 34. g5 Rff8 35. Nd7 Rf7 36. Nf6 Re5 37. Rxf4 Rb5 38. b3 Ra5 39. a4 Re5 40. Kg3 Re6 41. Nxh7 Rxf4 42. Kxf4 b5 43. Nf6 bxa4 44. bxa4 c5 45. h5 Rb6 46. h6 c4 47. Nd5 cxd3 48. Nxb6 1-0

[Event "RUS-ch sf"]
[Site "Tula"]
[Date "2003.??.??"]
[Round "6"]
[White "Driamin, Dmitrij"]
[Black "Trubizin, Alexander"]
[Result "1-0"]
[WhiteElo "2413"]
[BlackElo "2082"]
[PlyCount "75"]
[EventDate "2003.03.??"]
[EventType "swiss"]
[EventRounds "9"]
[EventCountry "RUS"]
[SourceTitle "EXT 2004"]
[Source "ChessBase"]
[SourceDate "2003.11.25"]
[SourceVersion "1"]
[SourceVersionDate "2003.11.25"]
[SourceQuality "1"]

1. e4 e5 2. Nf3 Nf6 3. Nc3 Nc6 4. d4 exd4 5. Nxd4 Bb4 6. Nxc6 bxc6 7. Bd3 d5 8. exd5 Qe7+ 9. Qe2 Qxe2+ 10. Kxe2 cxd5 11. Nb5 Ba5 12. Bf4 c5 13. Nd6+ Ke7 14. c4 Bc7 15. Nxc8+ Raxc8 16. Bg5 d4 17. Rhe1 Ba5 18. Rec1 Rhe8 19. Kf3 h6 20. Bf4 Nh5 21. Be5 Ke6 22. Re1 Bxe1 23. Rxe1 f6 24. Bxd4+ Kd6 25. Rxe8 Rxe8 26. Bg6 Rg8 27. Bc3 Ke6 28. g4 Rd8 29. Bf5+ Kf7 30. gxh5 a5 31. Bxa5 Rd4 32. Be4 f5 33. Bd5+ Ke7 34. Bc3 Rh4 35. Bxg7 Rxh5 36. Be5 Rh3+ 37. Bg3 Kf6 38. Kf4 1-0

[Event "RUS-ch sf"]
[Site "Tula"]
[Date "2003.??.??"]
[Round "7"]
[White "Mishin, Alexei"]
[Black "Driamin, Dmitrij"]
[Result "1-0"]
[WhiteElo "2375"]
[BlackElo "2413"]
[PlyCount "69"]
[EventDate "2003.03.??"]
[EventType "swiss"]
[EventRounds "9"]
[EventCountry "RUS"]
[SourceTitle "EXT 2004"]
[Source "ChessBase"]
[SourceDate "2003.11.25"]
[SourceVersion "1"]
[SourceVersionDate "2003.11.25"]
[SourceQuality "1"]

1. d4 Nf6 2. Bg5 e6 3. Nd2 c5 4. e3 cxd4 5. exd4 Be7 6. Bd3 0-0 7. Ngf3 b6 8. 0-0 Ba6 9. Bxf6 Bxf6 10. Ne4 Bxd3 11. Qxd3 Nc6 12. c3 d5 13. Nxf6+ Qxf6 14. Qa6 Rfc8 15. Rae1 Rab8 16. Re3 Rc7 17. Qb5 g6 18. a3 Rbc8 19. Qe2 Qd8 20. h4 Na5 21. Ng5 h6 22. Nf3 Nc4 23. Rd3 h5 24. Ng5 Qd6 25. f4 Kg7 26. Rdf3 Qe7 27. Rg3 Qf6 28. Nh3 Qxh4 29. Kh2 Kf8 30. Rg5 f6 31. g3 Qxh3+ 32. Kxh3 fxg5 33. fxg5+ Rf7 34. Rxf7+ Kxf7 35. Qf1+ 1-0

[Event "RUS-Cup04"]
[Site "Samara"]
[Date "2002.08.02"]
[Round "8"]
[White "Driamin, Dmitrij"]
[Black "Khismatullin, Denis Rimovich"]
[Result "1/2-1/2"]
[WhiteElo "2323"]
[BlackElo "2428"]
[PlyCount "104"]
[EventDate "2002.07.26"]
[EventType "swiss"]
[EventRounds "9"]
[EventCountry "RUS"]
[SourceTitle "CBM 089 Extra"]
[Source "ChessBase"]
[SourceDate "2002.09.10"]
[SourceVersion "2"]
[SourceVersionDate "2002.09.10"]
[SourceQuality "1"]

1. d4 Nf6 2. c4 g6 3. Nc3 Bg7 4. e4 d6 5. Be2 0-0 6. Nf3 e5 7. Be3 Na6 8. 0-0 Qe8 9. dxe5 dxe5 10. h3 b6 11. Qc2 Bb7 12. a3 c6 13. b4 Qe7 14. c5 Nd7 15. Na4 b5 16. Nc3 Nc7 17. Rfd1 a5 18. bxa5 Ne6 19. Rac1 Rfc8 20. Na2 Bf8 21. Bd2 Qxc5 22. Bc3 Qe7 23. Qb2 f6 24. a4 Ndc5 25. axb5 cxb5 26. Bb4 Bxe4 27. Bxb5 Bxf3 28. gxf3 Nd4 29. Bc4+ Kh8 30. Bd5 Ra7 31. f4 Rd7 32. Bg2 Qd8 33. fxe5 fxe5 34. Nc3 Rb8 35. Qa3 Ncb3 36. Bxf8 Qxf8 37. Qxf8+ Rxf8 38. Rb1 Nxa5 39. Ne4 Nab3 40. Re1 Nc2 41. Red1 Nbd4 42. Rd2 Kg7 43. Rb6 Ne1 44. Ra2 Nef3+ 45. Bxf3 Nxf3+ 46. Kg2 Rd1 47. Ra7+ Kh6 48. Rf6 Nh4+ 49. Kh2 Rxf6 50. Nxf6 Kg5 51. Nxh7+ Kf4 52. Rf7+ Nf5 1/2-1/2

[Event "RUS-Cup04"]
[Site "Samara"]
[Date "2002.08.01"]
[Round "7"]
[White "Temirbayev, Serikbay"]
[Black "Driamin, Dmitrij"]
[Result "1/2-1/2"]
[WhiteElo "2433"]
[BlackElo "2323"]
[PlyCount "68"]
[EventDate "2002.07.26"]
[EventType "swiss"]
[EventRounds "9"]
[EventCountry "RUS"]
[SourceTitle "CBM 089 Extra"]
[Source "ChessBase"]
[SourceDate "2002.09.10"]
[SourceVersion "2"]
[SourceVersionDate "2002.09.10"]
[SourceQuality "1"]

1. d4 d5 2. c4 c6 3. Nf3 Nf6 4. e3 g6 5. Bd3 Bg7 6. 0-0 0-0 7. Nc3 Nbd7 8. cxd5 Nxd5 9. Nxd5 cxd5 10. Qb3 Nb8 11. Bd2 Nc6 12. Rfc1 Qd6 13. Rc2 Rb8 14. h3 Bd7 15. Rac1 Kh8 16. a4 Bf5 17. a5 Bxd3 18. Qxd3 a6 19. Rc5 e6 20. Qb3 Qd7 21. Ne1 Rfc8 22. Nd3 Bf8 23. R5c2 Kg8 24. Qa4 Qe8 25. b3 Bd6 26. Rc3 Qd8 27. R3c2 Qe8 28. Nc5 Bxc5 29. Rxc5 Qd8 30. Qa3 Ne7 31. Rxc8 Rxc8 32. Rxc8 Nxc8 33. Qc5 Ne7 34. Be1 Nc6 1/2-1/2

[Event "RUS-Cup04"]
[Site "Samara"]
[Date "2002.07.31"]
[Round "6"]
[White "Driamin, Dmitrij"]
[Black "Bocharov, Dmitry"]
[Result "0-1"]
[WhiteElo "2323"]
[BlackElo "2475"]
[PlyCount "42"]
[EventDate "2002.07.26"]
[EventType "swiss"]
[EventRounds "9"]
[EventCountry "RUS"]
[SourceTitle "CBM 089 Extra"]
[Source "ChessBase"]
[SourceDate "2002.09.10"]
[SourceVersion "2"]
[SourceVersionDate "2002.09.10"]
[SourceQuality "1"]

1. d4 Nf6 2. c4 e6 3. Nc3 Bb4 4. e3 c5 5. Bd3 Nc6 6. Nge2 cxd4 7. exd4 d5 8. c5 0-0 9. 0-0 e5 10. a3 Bxc3 11. bxc3 h6 12. dxe5 Nxe5 13. Bf4 Re8 14. Nd4 Qa5 15. Bb5 Re7 16. Re1 Qc7 17. c6 Ne4 18. c4 g5 19. cxb7 Bxb7 20. cxd5 Nxf2 21. Bxe5 Nxd1 0-1

[Event "RUS-Cup04"]
[Site "Samara"]
[Date "2002.07.26"]
[Round "1"]
[White "Tishin, Petr"]
[Black "Driamin, Dmitrij"]
[Result "1-0"]
[WhiteElo "2513"]
[BlackElo "2323"]
[PlyCount "89"]
[EventDate "2002.07.26"]
[EventType "swiss"]
[EventRounds "9"]
[EventCountry "RUS"]
[SourceTitle "CBM 089 Extra"]
[Source "ChessBase"]
[SourceDate "2002.09.10"]
[SourceVersion "2"]
[SourceVersionDate "2002.09.10"]
[SourceQuality "1"]

1. e4 c6 2. d4 d5 3. exd5 cxd5 4. c4 Nf6 5. Nc3 g6 6. Qb3 Bg7 7. cxd5 0-0 8. Nge2 Nbd7 9. g3 Nb6 10. Bg2 Bf5 11. Nf4 a5 12. a4 Qd6 13. 0-0 Rfd8 14. Re1 Kf8 15. Bd2 Qb4 16. Qxb4 axb4 17. Nb5 g5 18. d6 exd6 19. Ne2 Rxa4 20. Rxa4 Nxa4 21. Bxb4 Ne8 22. b3 Nb2 23. Ba3 Nd3 24. Rd1 Rc8 25. Nec3 Rxc3 26. Nxc3 Bxd4 27. Ne4 Bxe4 28. Bxe4 Bxf2+ 29. Kg2 Bc5 30. Rxd3 Bxa3 31. Bxb7 Nc7 32. Bd5 Bc5 33. Bc4 Ke7 34. g4 Ne6 35. Bxe6 fxe6 36. Rh3 e5 37. Rxh7+ Kf6 38. Kf3 d5 39. Rh6+ Ke7 40. Rg6 e4+ 41. Ke2 d4 42. Rxg5 d3+ 43. Kd2 Bd6 44. Ke3 Ke6 45. Kxe4 1-0

[Event "RUS-Cup03"]
[Site "Tomsk"]
[Date "2002.07.15"]
[Round "8"]
[White "Driamin, Dmitrij"]
[Black "Pokazanjev, Nikolai"]
[Result "0-1"]
[WhiteElo "2323"]
[BlackElo "2329"]
[PlyCount "42"]
[EventDate "2002.07.08"]
[EventType "swiss"]
[EventRounds "9"]
[EventCountry "RUS"]
[SourceTitle "CBM 089 Extra"]
[Source "ChessBase"]
[SourceDate "2002.09.10"]
[SourceVersion "2"]
[SourceVersionDate "2002.09.10"]
[SourceQuality "1"]

1. e4 e5 2. Nf3 Nc6 3. Nc3 Nf6 4. d4 exd4 5. Nxd4 Bb4 6. Nxc6 bxc6 7. Bd3 d5 8. exd5 cxd5 9. 0-0 0-0 10. Bg5 c6 11. Na4 h6 12. Bh4 Re8 13. c4 g5 14. Bg3 Ne4 15. Qh5 Qf6 16. a3 Bf8 17. cxd5 cxd5 18. Bb5 Re7 19. Rac1 Nxg3 20. fxg3 Qd4+ 21. Kh1 Bg4 0-1

[Event "St Petersburg White Nights op"]
[Site "St Petersburg"]
[Date "2001.06.11"]
[Round "3"]
[White "Kovalevskaya, Ekaterina"]
[Black "Driamin, Dmitrij"]
[Result "1/2-1/2"]
[WhiteElo "2506"]
[BlackElo "2305"]
[PlyCount "138"]
[EventDate "2001.06.09"]
[EventType "swiss"]
[EventRounds "9"]
[EventCountry "RUS"]
[SourceTitle "CBM 082 Extra"]
[Source "ChessBase"]
[SourceDate "2001.07.03"]
[SourceVersion "1"]
[SourceVersionDate "2001.07.03"]
[SourceQuality "1"]

1. e4 e6 2. d4 d5 3. Nc3 Nf6 4. Bg5 Be7 5. e5 Nfd7 6. Bxe7 Qxe7 7. Qd2 0-0 8. f4 c5 9. dxc5 Nc6 10. Nf3 f6 11. exf6 Qxf6 12. g3 Nxc5 13. 0-0-0 Rd8 14. Qf2 d4 15. Nb5 e5 16. Ng5 Rf8 17. Bc4+ Kh8 18. Qe2 Bf5 19. h4 Rac8 20. g4 Bd7 21. f5 a6 22. Na3 b5 23. Bd3 Nb4 24. Kb1 Bc6 25. Rhe1 Rfe8 26. Bc4 Nd5 27. Bxd5 Bxd5 28. c3 d3 29. Rxd3 Nxd3 30. Qxd3 Rcd8 31. Qg3 h6 32. Nh3 Qf7 33. Nc2 Bxa2+ 34. Kc1 Qd5 35. Qe3 Bb3 36. Nf2 Qc4 37. f6 Qf4 38. Qxf4 exf4 39. Rxe8+ Rxe8 40. Nd4 Bd5 41. fxg7+ Kxg7 42. Kd2 Bc4 43. Nh3 Re4 44. Nf2 Re8 45. Nh3 Be6 46. Nf2 Kf6 47. Ne4+ Ke5 48. Nf2 Bc4 49. b3 Bf1 50. g5 hxg5 51. hxg5 Kd6 52. Ng4 Rg8 53. Nf6 Rg6 54. Ne4+ Ke5 55. Nf2 Kd5 56. Ke1 Bg2 57. Nd3 Ke4 58. Nf2+ Kd5 59. Nd3 Rxg5 60. Nxf4+ Ke4 61. Nfe6 Re5 62. Kd2 a5 63. Nc7 Bf1 64. Nc2 a4 65. b4 Rh5 66. Ne6 Bc4 67. Nc5+ Kf4 68. Na3 Rh2+ 69. Kc1 Bf1 1/2-1/2

[Event "Budapest FS04 IM-A"]
[Site "Budapest"]
[Date "2000.04.09"]
[Round "9"]
[White "Driamin, Dmitrij"]
[Black "Lehtinen, Heikki"]
[Result "0-1"]
[WhiteElo "2230"]
[BlackElo "2246"]
[PlyCount "116"]
[EventDate "2000.04.01"]
[EventType "tourn"]
[EventRounds "13"]
[EventCountry "HUN"]
[EventCategory "2"]
[SourceTitle "CBM 075 Extra"]
[Source "ChessBase"]
[SourceDate "2000.05.11"]
[SourceVersion "2"]
[SourceVersionDate "2000.05.11"]
[SourceQuality "1"]

1. d4 g6 2. c4 Bg7 3. Nc3 d6 4. e4 e5 5. Nf3 exd4 6. Nxd4 Ne7 7. Be2 Nbc6 8. Be3 0-0 9. 0-0 f5 10. f3 fxe4 11. fxe4 Rxf1+ 12. Bxf1 Nxd4 13. Bxd4 Nc6 14. Bxg7 Kxg7 15. Qd2 Be6 16. Rd1 Qe7 17. Nd5 Bxd5 18. Qxd5 Rf8 19. Be2 Qf6 20. Qd2 Qe5 21. Qc3 Qxc3 22. bxc3 b6 23. g3 Rf7 24. Kg2 Re7 25. Kf3 Re5 26. Rd5 Re6 27. h4 Ne7 28. Rd2 Re5 29. Kf4 h6 30. Bd3 Nc6 31. Ke3 Ra5 32. Be2 Ra3 33. Kd3 Kf6 34. Rb2 a6 35. Kc2 Ke5 36. Bd3 Nd8 37. Kd2 Ne6 38. Rc2 Nc5 39. Ke3 h5 40. Kd2 Nxe4+ 41. Kc1 Nxg3 42. Bxg6 Kf4 43. Kb2 Ra5 44. Rh2 Kg4 45. Be8 Ne4 46. Bd7+ Kf4 47. Bc8 Kf3 48. Bb7 Kg3 49. Re2 Nf2 50. Kb3 Re5 51. Rd2 Ne4 52. Rd3+ Kh2 53. Bxe4 Rxe4 54. Rf3 Re5 55. Kb4 Kg2 56. Rf7 Rc5 57. Rf4 Kg3 58. Re4 Re5 0-1

[Event "Budapest FS04 IM-A"]
[Site "Budapest"]
[Date "2000.04.07"]
[Round "7"]
[White "Driamin, Dmitrij"]
[Black "Alfred, Nathan"]
[Result "1/2-1/2"]
[WhiteElo "2230"]
[BlackElo "2200"]
[PlyCount "89"]
[EventDate "2000.04.01"]
[EventType "tourn"]
[EventRounds "13"]
[EventCountry "HUN"]
[EventCategory "2"]
[SourceTitle "CBM 075 Extra"]
[Source "ChessBase"]
[SourceDate "2000.05.11"]
[SourceVersion "2"]
[SourceVersionDate "2000.05.11"]
[SourceQuality "1"]

1. c4 Nf6 2. Nc3 g6 3. g3 Bg7 4. Bg2 0-0 5. d3 c5 6. e4 Nc6 7. Nge2 d6 8. 0-0 Bg4 9. h3 Bxe2 10. Nxe2 Nd7 11. Rb1 Rb8 12. Bd2 a6 13. a3 Nd4 14. b4 b5 15. Be3 Qc7 16. Qd2 bxc4 17. dxc4 Ne5 18. Bxd4 cxd4 19. Rfc1 Rfc8 20. Nxd4 Nxc4 21. Qd3 Nb2 22. Rxc7 Nxd3 23. Nc6 Rxc7 24. Nxb8 Rc2 25. e5 Bxe5 26. Be4 Rd2 27. Bxd3 Rxd3 28. a4 Bd4 29. Nxa6 Rxg3+ 30. Kh2 Ra3 31. a5 Ra2 32. Nb8 Bxf2 33. Nc6 e5 34. Kh1 e4 35. b5 e3 36. b6 e2 37. b7 Rb2 38. b8Q+ Rxb8 39. Rxb8+ Kg7 40. Re8 e1R+ 41. Rxe1 Bxe1 42. a6 Bf2 43. Kg2 Bc5 44. Kf3 f5 45. a7 1/2-1/2

[Event "Budapest FS04 IM-A"]
[Site "Budapest"]
[Date "2000.04.05"]
[Round "5"]
[White "Driamin, Dmitrij"]
[Black "Cooke, Eric"]
[Result "0-1"]
[WhiteElo "2230"]
[BlackElo "2266"]
[PlyCount "71"]
[EventDate "2000.04.01"]
[EventType "tourn"]
[EventRounds "13"]
[EventCountry "HUN"]
[EventCategory "2"]
[SourceTitle "CBM 075 Extra"]
[Source "ChessBase"]
[SourceDate "2000.05.11"]
[SourceVersion "2"]
[SourceVersionDate "2000.05.11"]
[SourceQuality "1"]

1. d4 Nf6 2. c4 e6 3. Nc3 c5 4. d5 exd5 5. cxd5 d6 6. g3 g6 7. Bg2 Bg7 8. Nf3 0-0 9. 0-0 a6 10. a4 Re8 11. h3 Nbd7 12. Bf4 Qe7 13. e4 Rb8 14. Re1 Nh5 15. Bg5 Bf6 16. Be3 Ne5 17. g4 Nxf3+ 18. Qxf3 Ng7 19. e5 Bxe5 20. Bf4 Bd7 21. Ne4 f5 22. Nxc5 fxg4 23. hxg4 Rf8 24. Qe3 Bxg4 25. Bxe5 dxe5 26. Rac1 Rbe8 27. Qb3 Kh8 28. Ne4 Nf5 29. d6 Nxd6 30. Nxd6 Qxd6 31. Qxb7 Re7 32. Qd5 Qf6 33. Rc2 Qg5 34. Re3 h5 35. Rc5 Qf4 36. Rc2 0-1

[Event "Budapest FS04 IM-A"]
[Site "Budapest"]
[Date "2000.04.01"]
[Round "1"]
[White "Froehlich, Peter"]
[Black "Driamin, Dmitrij"]
[Result "1-0"]
[WhiteElo "2375"]
[BlackElo "2230"]
[PlyCount "81"]
[EventDate "2000.04.01"]
[EventType "tourn"]
[EventRounds "13"]
[EventCountry "HUN"]
[EventCategory "2"]
[SourceTitle "CBM 075 Extra"]
[Source "ChessBase"]
[SourceDate "2000.05.11"]
[SourceVersion "2"]
[SourceVersionDate "2000.05.11"]
[SourceQuality "1"]

1. Nf3 e6 2. c4 f5 3. g3 Nf6 4. Bg2 Be7 5. 0-0 0-0 6. b3 Nc6 7. Bb2 Rb8 8. d3 b6 9. Nbd2 Bb7 10. e4 fxe4 11. dxe4 Qe8 12. e5 Ng4 13. h3 Nh6 14. Qe2 Qg6 15. Ne4 Nf5 16. Rad1 Rbd8 17. Rd2 Rf7 18. Rfd1 Nb8 19. Ne1 Bc6 20. Nd3 Rdf8 21. b4 Bg5 22. Nxg5 Qxg5 23. Qg4 Qxg4 24. hxg4 Nh6 25. g5 Bxg2 26. Kxg2 Ng4 27. Re1 h6 28. g6 Rf5 29. Nf4 Rxf4 30. gxf4 Rxf4 31. f3 Rxc4 32. b5 h5 33. fxg4 Rxg4+ 34. Kf3 Rxg6 35. Rg2 Rxg2 36. Kxg2 Kf7 37. Rc1 c5 38. Kh3 g5 39. Rf1+ Ke7 40. Bc1 g4+ 41. Kh4 1-0

[Event "Petrov Memorial op"]
[Site "St Petersburg"]
[Date "2000.02.16"]
[Round "9"]
[White "Driamin, Dmitrij"]
[Black "Tolstikh, Nikolay"]
[Result "1-0"]
[WhiteElo "2230"]
[BlackElo "2419"]
[PlyCount "65"]
[EventDate "2000.02.05"]
[EventType "swiss"]
[EventRounds "9"]
[EventCountry "RUS"]
[SourceTitle "CBM 076"]
[Source "ChessBase"]
[SourceDate "2000.05.31"]
[SourceVersion "1"]
[SourceVersionDate "2000.05.31"]
[SourceQuality "1"]

1. c4 Nf6 2. Nf3 d6 3. g3 e5 4. d3 g6 5. Bg2 Bg7 6. 0-0 0-0 7. Nc3 Nc6 8. Rb1 a5 9. a3 Nd4 10. Nd2 c6 11. e3 Ne6 12. b4 axb4 13. axb4 Nc7 14. b5 cxb5 15. Nxb5 Nxb5 16. Rxb5 Qc7 17. Qb3 Ra7 18. Ba3 Nd7 19. Ne4 Ra6 20. Rb1 Rd8 21. h3 Bf8 22. Bb4 b6 23. Nc3 Bb7 24. Nd5 Qb8 25. Ba3 Qa7 26. Bb4 Nc5 27. Bxc5 dxc5 28. Rxb6 Bxd5 29. Bxd5 Ra3 30. Qd1 Rd7 31. Qf3 Ra1 32. Rxa1 Qxa1+ 33. Kg2 1-0

[Event "Petrov Memorial op"]
[Site "St Petersburg"]
[Date "2000.02.15"]
[Round "8"]
[White "Chepukaitis, Genrikh"]
[Black "Driamin, Dmitrij"]
[Result "0-1"]
[WhiteElo "2393"]
[BlackElo "2230"]
[PlyCount "124"]
[EventDate "2000.02.05"]
[EventType "swiss"]
[EventRounds "9"]
[EventCountry "RUS"]
[SourceTitle "CBM 076"]
[Source "ChessBase"]
[SourceDate "2000.05.31"]
[SourceVersion "1"]
[SourceVersionDate "2000.05.31"]
[SourceQuality "1"]

1. d4 e6 2. c4 Nf6 3. Nf3 b6 4. g3 Ba6 5. b3 b5 6. Bg2 bxc4 7. Ne5 Bb4+ 8. Kf1 c6 9. bxc4 0-0 10. Qb3 Be7 11. Nd2 d5 12. Bb2 Nfd7 13. Ng4 Nb6 14. Ne3 Bf6 15. Rd1 N8d7 16. c5 Nc8 17. Qa3 Bb5 18. f4 a5 19. h4 Ne7 20. h5 Nf5 21. Nc2 Qb8 22. Ba1 g5 23. hxg6 fxg6 24. Bh3 Bg7 25. Kf2 e5 26. dxe5 Nxe5 27. Bxf5 Rxf5 28. Bxe5 Qxe5 29. Qe3 Qxe3+ 30. Nxe3 Bd4 31. Nf3 Bxc5 32. Nd4 Bxd4 33. Rxd4 Rff8 34. a4 Ba6 35. Rc1 Rf6 36. Rc5 Bc8 37. Rd2 g5 38. Kf3 h5 39. Nc2 Bg4+ 40. Kg2 gxf4 41. Nd4 fxg3 42. Kxg3 Ra6 43. Rb2 Kg7 44. e3 Bd1 45. e4 dxe4 46. Re5 Kg6 47. Rb8 c5 48. Rxc5 Rad6 49. Rc4 Rd5 50. Re8 Rg5+ 51. Kh3 Bf3 52. Rc7 Rd5 53. Nc6 Kg5 54. Rg8+ Kf4 55. Rg1 Rd2 56. Rf1 Rg6 57. Rf7+ Ke3 58. Re1+ Kf2 59. Rc1 Rg3+ 60. Kh4 Rg4+ 61. Kh3 Rd5 62. Rb7 Bg2+ 0-1

[Event "Petrov Memorial op"]
[Site "St Petersburg"]
[Date "2000.02.13"]
[Round "6"]
[White "Kachar, Vladimir"]
[Black "Driamin, Dmitrij"]
[Result "0-1"]
[WhiteElo "2383"]
[BlackElo "2230"]
[PlyCount "78"]
[EventDate "2000.02.05"]
[EventType "swiss"]
[EventRounds "9"]
[EventCountry "RUS"]
[SourceTitle "CBM 076"]
[Source "ChessBase"]
[SourceDate "2000.05.31"]
[SourceVersion "1"]
[SourceVersionDate "2000.05.31"]
[SourceQuality "1"]

1. d4 e6 2. c4 f5 3. g3 Nf6 4. Bg2 Bb4+ 5. Nd2 0-0 6. Ngf3 d5 7. 0-0 c6 8. Ne5 Nbd7 9. cxd5 exd5 10. Nd3 Be7 11. Nf3 Ne4 12. h4 Ndf6 13. Bf4 Ng4 14. Nfe5 Qb6 15. e3 Nxe5 16. Bxe5 Be6 17. Rc1 a5 18. Rc2 Bf6 19. Bf4 Qd8 20. Be5 Kh8 21. Bf3 Qe7 22. Bg2 Rg8 23. Qf3 Raf8 24. Qf4 Bxe5 25. Qxe5 Re8 26. Bh3 Qf7 27. Qf4 Bc8 28. Ne5 Qf6 29. Bg2 Re7 30. Bf3 g5 31. hxg5 Nxg5 32. Bg2 Ne6 33. Qf3 Reg7 34. Nd3 f4 35. Nxf4 Ng5 36. Qe2 Bf5 37. Rd2 Qh6 38. Qh5 Qf6 39. Qh4 Nf3+ 0-1

[Event "Petrov Memorial op"]
[Site "St Petersburg"]
[Date "2000.02.10"]
[Round "4"]
[White "Driamin, Dmitrij"]
[Black "Shchukin, Dmitry"]
[Result "1/2-1/2"]
[WhiteElo "2230"]
[BlackElo "2387"]
[PlyCount "150"]
[EventDate "2000.02.05"]
[EventType "swiss"]
[EventRounds "9"]
[EventCountry "RUS"]
[SourceTitle "CBM 076"]
[Source "ChessBase"]
[SourceDate "2000.05.31"]
[SourceVersion "1"]
[SourceVersionDate "2000.05.31"]
[SourceQuality "1"]

1. c4 e6 2. Nf3 f5 3. g3 b6 4. Bg2 Bb7 5. 0-0 Nf6 6. d4 Be7 7. d5 0-0 8. Nd4 Bc5 9. Nc3 Na6 10. Bf4 Qe8 11. Nf3 Nh5 12. e3 h6 13. dxe6 dxe6 14. Be5 Rd8 15. Qe2 Nf6 16. Rfd1 Rxd1+ 17. Rxd1 Ng4 18. Bd4 e5 19. Nxe5 Bxg2 20. Nxg4 Bb7 21. Ne5 Bd6 22. Nf3 f4 23. Nd5 fxg3 24. fxg3 Nb4 25. e4 Nxd5 26. cxd5 Bxd5 27. Bxg7 Bc5+ 28. Kg2 Rxf3 29. Kxf3 Be6 30. Bd4 Qh5+ 31. Ke3 Qxe2+ 32. Kxe2 Bg4+ 33. Ke1 Bxd1 34. Bxc5 Bf3 35. Be3 h5 36. Bf4 Bxe4 37. Bxc7 Bd5 38. b3 b5 39. Kf2 Be4 40. Ke3 Bb1 41. a3 Bc2 42. b4 Kf7 43. Kf4 Kg6 44. g4 hxg4 45. Kxg4 Bd1+ 46. Kf4 Kh5 47. Ke5 Ba4 48. Kd5 Kg4 49. Kc6 Kh3 50. Kb7 Kg4 51. Kxa7 Kh3 52. Kb6 Kg4 53. Kc5 Kh3 54. Kd4 Kg4 55. Bg3 Kh3 56. Kc5 Kg4 57. h4 Kf5 58. Bf2 Kg4 59. Be1 Kh5 60. Kd6 Kg4 61. Ke6 Kh5 62. Kf5 Bd1 63. Kf4 Ba4 64. Kg3 Kg6 65. Bd2 Kh5 66. Bg5 Bd1 67. Bd8 Bc2 68. Kf4 Bd1 69. Ke3 Bc2 70. Kd2 Ba4 71. Bg5 Bb3 72. Kc3 Ba4 73. Kd4 Kg6 74. Kc5 Kh5 75. Be7 Kg6 1/2-1/2

[Event "Petrov Memorial op"]
[Site "St Petersburg"]
[Date "2000.02.09"]
[Round "3"]
[White "Korotylev, Alexey"]
[Black "Driamin, Dmitrij"]
[Result "1-0"]
[WhiteElo "2477"]
[BlackElo "2230"]
[PlyCount "99"]
[EventDate "2000.02.05"]
[EventType "swiss"]
[EventRounds "9"]
[EventCountry "RUS"]
[SourceTitle "CBM 076"]
[Source "ChessBase"]
[SourceDate "2000.05.31"]
[SourceVersion "1"]
[SourceVersionDate "2000.05.31"]
[SourceQuality "1"]

1. d4 e6 2. c4 f5 3. g3 Nf6 4. Bg2 Bb4+ 5. Nc3 0-0 6. Qb3 c5 7. dxc5 Qa5 8. Bd2 Nc6 9. Nf3 Qxc5 10. a3 Bxc3 11. Bxc3 Ne4 12. 0-0 b6 13. Rad1 a5 14. a4 Ra7 15. Nd4 Ba6 16. Nxc6 Qxc6 17. Rd4 Rc7 18. Qc2 e5 19. Rxe4 fxe4 20. Bxe4 Qf6 21. b3 h6 22. Bd5+ Kh8 23. Qe4 d6 24. Qe3 Rc5 25. Bb2 Rxd5 26. cxd5 Qf7 27. Rd1 Bb7 28. Qxb6 Bxd5 29. f3 Bxb3 30. Rxd6 Re8 31. Qxa5 Qc4 32. Qb5 Qxa4 33. Qxa4 Bxa4 34. e4 Bb3 35. Kf2 Rc8 36. Bxe5 Rc2+ 37. Ke3 Rxh2 38. Rg6 Rh5 39. Bxg7+ Kh7 40. Rb6 Bd1 41. Rb7 Kg6 42. f4 Rh2 43. f5+ Kg5 44. Be5 Re2+ 45. Kd3 Ra2 46. f6 Bc2+ 47. Kc3 Bxe4 48. Rg7+ Kf5 49. f7 Rc2+ 50. Kb4 1-0

[Event "Petrov Memorial op"]
[Site "St Petersburg"]
[Date "2000.02.08"]
[Round "2"]
[White "Driamin, Dmitrij"]
[Black "Alekseev, Evgeny V"]
[Result "1/2-1/2"]
[WhiteElo "2230"]
[BlackElo "2475"]
[PlyCount "52"]
[EventDate "2000.02.05"]
[EventType "swiss"]
[EventRounds "9"]
[EventCountry "RUS"]
[SourceTitle "CBM 076"]
[Source "ChessBase"]
[SourceDate "2000.05.31"]
[SourceVersion "1"]
[SourceVersionDate "2000.05.31"]
[SourceQuality "1"]

1. c4 c5 2. Nc3 Nc6 3. Nf3 Nd4 4. e3 Nxf3+ 5. Qxf3 g6 6. d3 Bg7 7. Bd2 d6 8. Rb1 Nf6 9. h3 Rb8 10. g4 b6 11. Bg2 Bb7 12. e4 e6 13. Qg3 0-0 14. Bf4 Ne8 15. h4 f5 16. gxf5 gxf5 17. e5 Bxg2 18. Qxg2 Kh8 19. exd6 e5 20. Bg5 Qxd6 21. Qd5 Qxd5 22. Nxd5 h6 23. Bd2 Rf7 24. Ke2 Nc7 25. Nxc7 Rxc7 26. Rhg1 Kh7 1/2-1/2